| 000 | 00448nam a2200181Ia 4500 | ||
|---|---|---|---|
| 008 | 230711s9999||||xx |||||||||||||| ||und|| | ||
| 020 | _a978-81-239-1965-2 | ||
| 041 | _aENG | ||
| 082 |
_a571.6 _bVY-C |
||
| 100 | _aVyas,Suresh P | ||
| 245 | 0 | _aCell and molecular biology | |
| 250 | _a1st Ed. | ||
| 260 |
_c2011 _aNew Delhi _bCBS Publishers & Distributors Pvt.Ltd |
||
| 300 | _a574p. | ||
| 650 | _aChemistry | ||
| 700 | _aMehta, A | ||
| 942 | _cBK | ||
| 999 |
_c7185 _d7185 |
||